| 000 | 00484nam a22001577a 4500 | ||
|---|---|---|---|
| 003 | macl | ||
| 005 | 20200307124505.0 | ||
| 008 | 200307b xxu||||| |||| 00| 0 eng d | ||
| 040 | _cmacl | ||
| 082 | _a920/PUR | ||
| 100 |
_aमहेन्द्रनाथ पुरी _978561 |
||
| 245 | _aमहाराजा अग्रसेन | ||
| 260 |
_aएरीना बुक शॉप _bदिल्ली _c2019 |
||
| 650 |
_aजीवनी _97943 |
||
| 942 |
_2ddc _cHIN |
||
| 999 |
_c62324 _d62324 |
||